Statistics for SMITE Gods

Click here to take the quiz!

General Stats

  • This quiz has been taken 370 times
    (120 since last reset)
  • The average score is 76 of 114

Answer Stats

PantheonClassAnswer% Correct
NorseAssassinLoki
92%
EgyptianMageRa
92%
NorseAssassinThor
92%
GreekHunterArtemis
91%
NorseWarriorOdin
89%
GreekMageZeus
89%
GreekWarriorAchilles
87%
GreekGuardianAres
85%
JapaneseWarriorAmaterasu
83%
GreekMageAphrodite
83%
GreekHunterApollo
83%
GreekGuardianAthena
83%
NorseMageFreya
81%
RomanWarriorHercules
81%
ArthurianWarriorKing Arthur
81%
HinduMageAgni
79%
Great Old OnesGuardianCthulhu
79%
NorseAssassinFenrir
79%
SlavicMageBaba Yaga
77%
ArthurianMageMerlin
77%
EgyptianWarriorOsiris
77%
EgyptianAssassinSet
77%
EgyptianMageAnubis
75%
EgyptianAssassinBastet
75%
HinduGuardianGanesha
75%
GreekMageHades
75%
MayanMageAh Puch
74%
EgyptianMageEset (Isis)
74%
NorseMageHel
74%
HinduHunterRama
74%
NorseGuardianYmir
74%
MayanHunterAh Muzen Cab
72%
VoodooMageBaron Samedi
72%
EgyptianWarriorHorus
72%
EgyptianHunterNeith
72%
HinduWarriorRavana
72%
EgyptianHunterAnhur
70%
RomanGuardianBacchus
70%
RomanHunterCupid
70%
GreekMageHera
70%
ChineseHunterHou Yi
70%
HinduAssassinKali
70%
GreekMagePoseidon
70%
NorseAssassinRatatoskr
70%
SlavicHunterChernobog
68%
BabylonianWarriorGilgamesh
68%
JapaneseHunterIzanami
68%
NorseHunterUllr
68%
HinduWarriorVamana
68%
HinduAssassinBakasura
66%
ChineseMageChang'e
66%
NorseGuardianFafnir
66%
JapaneseHunterHachiman
66%
NorseHunterHeimdallr
66%
RomanMageJanus
66%
PolynesianAssassinPele
66%
GreekMagePersephone
66%
CelticMageThe Morrigan
66%
BabylonianMageTiamat
66%
NorseWarriorTyr
66%
YorubaGuardianYemoja
66%
RomanWarriorBellona
64%
NorseGuardianJormungandr
64%
YorubaMageOlorun
64%
ChineseMageAo Kuang
62%
CelticGuardianArtio
62%
CelticHunterCernunnos
62%
EgyptianGuardianGeb
62%
ChineseWarriorGuan Yu
62%
EgyptianGuardianKhepri
62%
MayanMageKukulkan
62%
RomanAssassinMercury
62%
NorseHunterSkadi
62%
JapaneseAssassinSusano
62%
GreekAssassinArachne
60%
HinduGuardianKumbhakarna
60%
EgyptianGuardianSobek
60%
MayanHunterXbalanque
60%
ChineseMageZhong Kui
60%
MayanAssassinAwilix
58%
ChineseWarriorMulan
58%
JapaneseMageRaijin
58%
NorseMageSol
58%
ChineseWarriorSun Wukong
58%
RomanGuardianSylvanus
58%
EgyptianMageThoth
58%
JapaneseAssassinTsukuyomi
58%
MayanGuardianCabrakan
57%
GreekGuardianCerberus
57%
GreekMageChronos
57%
CelticWarriorCu Chulainn
57%
MayanAssassinHun Batz
57%
RomanGuardianTerra
57%
GreekAssassinThanatos
57%
MayanWarriorChaac
55%
GreekAssassinNemesis
55%
RomanMageNox
55%
GreekMageScylla
55%
MayanAssassinCamazotz
53%
GreekHunterChiron
53%
JapaneseHunterDanzaburou
53%
JapaneseGuardianKuzenbo
53%
GreekWarriorNike
53%
ChineseMageNu Wa
53%
EgyptianAssassinSerqet
53%
RomanMageVulcan
53%
ChineseGuardianXing Tian
53%
ChineseMageHe Bo
51%
ChineseHunterJing Wei
51%
ChineseAssassinDa Ji
49%
GreekHunterMedusa
49%
ChineseAssassinNe Zha
49%
RomanMageDiscordia
47%
ChineseWarriorErlang Shen
45%

Score Distribution

Percentile by Number Answered

Percent of People with Each Score

Your Score History

You have not taken this quiz since the last reset